000
00303nam a2200109Ia 4500
008
230907s9999||||xx |||||||||||||| ||und||
082
_a
620.197,ELE
100
_a
Ding, Bin.
_9
115075
245
0
_a
Electrospun nanofibers for energy and environmental applications /
300
_a
viii,525p.:
942
_c
BK
999
_c
597473
_d
597473